Psy na ruskich
| Titel: | Psy na ruskich : Polacy walczący z Rosją w Ukrainie / Marcin Wyrwał. |
|---|---|
| Verfasser: | |
| Ausgabe: | Wydanie I. |
| Veröffentlicht: | Kraków : Otwarte, 2024 |
| Umfang: | 327, [1] Seiten ; 21 cm |
| Format: | Buch |
| Sprache: | Polnisch |
| ISBN: | 9788381354172 ; 838135417X |
| Hinweise zum Inhalt: |
Inhaltsverzeichnis
Cover Abstract |
alg: 52286831 001A $03004:31-10-24 001B $01999:04-12-25 $t22:17:14.000 001D $03004:31-10-24 001U $0utf8 001X $00 002@ $0Aau 002C $aText $btxt $2rdacontent 002D $aohne Hilfsmittel zu benutzen $bn $2rdamedia 002E $aBand $bnc $2rdacarrier 003@ $0522868312 003O $01465001846 $aOCoLC 004A $A978-83-8135-417-2 $f((oprawa miękka)) 004A $083-8135-417-X 006C $01460453038 $aOCoLC 007A $0522868312 $aHEB 007G $0DE02000CD9347BF433137C1258C18003FB737 009P $qapplication/pdf $A2 $3Inhaltsverzeichnis $uhttp://scans.hebis.de/HEBCGI/show.pl?52286831_toc.pdf $mV:DE-603;B:DE-Mb50 009P $qapplication/pdf $A2 $3Cover $uhttp://scans.hebis.de/HEBCGI/show.pl?52286831_cov.pdf $mV:DE-603;B:DE-Mb50 009P $qapplication/pdf $A2 $3Abstract $uhttp://scans.hebis.de/HEBCGI/show.pl?52286831_sum.pdf $mV:DE-603;B:DE-Mb50 010@ $apol 010E $erda 011@ $a2024 $n2024 013D $RQuelle $RBericht $RTagebuch $#Personal narratives $#Récits personnels $#Relatos personales $#Erfahrungsbericht $#Augenzeugenbericht Formschlagwort $#Eindrücke Formschlagwort $#Erlebnisgeschichte $#Reportage Formschlagwort $#Erfahrungsbericht $#Persönlicher Bericht $74133254-4 $8Erlebnisbericht [Ts1] $9085482919 021A $aPsy na ruskich $dPolacy walczący z Rosją w Ukrainie $hMarcin Wyrwał. 028A $BVerfasser $4aut $8Wyrwał, Marcin$Z1972- [Tp3] $9472529706 032@ $aWydanie I. 033A $pKraków $nOtwarte 034D $a327, [1] Seiten 034I $a21 cm 044A $aReportaż $2dbn $S#7 $N655 044K $RAngriffskrieg $#Russo-Ukrainian War, 2014- $#Russian Invasion of Ukraine, 2022 $#Guerre du Donbass (Ukraine ; 2014-2022) $#Guerre russo-ukrainienne (2022-....) $#Guerra russo-ucraina <2022- > $#Guerra del Donbass <2014- > $#Ukraine-Krieg $#Krieg in der Ukraine $#Russisch-ukrainischer Konflikt $#Ukrainekonflikt $#Ukraine-Konflikt $#Ukrainekrise $#Ukraine-Krise $#Russischer Überfall auf die Ukraine 2022 $#Krieg im Donbas $#Krieg in der Ost-Ukraine $#Krimkrise $7106969780X $8Russisch-Ukrainischer Krieg [Ts1] $9358075335 044K $RPolin $#Polish people $#Polonais $#Polen (Personen) $#Pole $#Polen (Personen) $74046497-0 $8Polen$gVolk [Ts1] $908512981X 044K $RSoldat $RPrivates Militärunternehmen $#Mercenary troops $#Mercenaires $#Milizie mercenarie $#Mercenari $#Mercenarios $#Söldner $#Söldner $#Solddienst $74055364-4 $8Söldner [Ts1] $9085154083 045F $a355.009438090513 $eDDC23BSB 045F/01 $a355.009 045F/03 $f090513 045F/03 $g438 045F/03 $g471 045F/03 $g477 lok: 52286831 24 exp: 52286831 24 1 #EPN 201B/01 $027-11-24 $t09:28:16.000 201C/01 $031-10-24 201U/01 $0utf8 203@/01 $01279115033 208@/01 $a27-11-24 $bz 209A/01 $a24.07076 $du $f050 $h24 07076 $x00 209C/01 $a24.07076 K $h24 07076 K 209G/01 $a74941680 $x00 220C/01 $ahae 247C/01 $8358050-7Marburg, Bibliothek des Herder-Instituts Marburg $9102600961 lok: 52286831 78 exp: 52286831 78 1 #EPN 201B/01 $011-11-25 $t08:52:25.000 201C/01 $011-11-25 201U/01 $0utf8 203@/01 $01322372373 208@/01 $a11-11-25 $be 209A/01 $a/ $f000 $x00 209A/01 $ab*p $x01 220C/01 $apgar 244Z/01 $#Generalgouvernement Polen $#Polska $#Rzeczpospolita Polska $#Polska Rzeczpospolita Ludowa $#Poland $#Pologne $#République Polonaise $#Generalne Gubernatorstwo w Polsce $#Polish People's Republic $#Polska Rzeczpospolita Polen $#PRL $#RP $#Polen Generalgouvernement $#Polska Generalgouvernement $#Besetzte Polnische Gebiete $#Besetztes Gebiet in Polen $#Okupowane Polskie Obszary $#Obszary Okupowane w Polsce $#Volksrepublik Polen $#Polska Rosyjska $#Republic Polen $#Respublika Pol'ša $#Pol'skaja Narodnaja Respublika $#République de Pologne $#Polen Links der Weichsel $#Polska po Lewej Stronie Wisły $#Lenkija $#Polija $#Gubernija Carstva Pol'skago $#Republik Polen $74046496-9 $8--Tg1--Polen $x01 $9085129801 247C/01 $82080>Marburg/Lahn, Herder-Institut, Forschungsbibliothek, Bibliographieportal $9336309341
| LEADER | 00000cam a2200000 c 4500 | ||
|---|---|---|---|
| 001 | 522868312 | ||
| 003 | DE-603 | ||
| 005 | 20251204221714.0 | ||
| 007 | tu | ||
| 008 | 241031s2024 xx |||| | u00||u|pol c | ||
| 020 | |a 9788381354172 |c ((oprawa miękka)) | ||
| 020 | |a 838135417X | ||
| 035 | |a (DE-599)HEB522868312 | ||
| 035 | |a (OCoLC)1465001846 | ||
| 040 | |a DE-603 |b ger |c DE-603 |d DE-603 |e rda | ||
| 041 | |a pol | ||
| 082 | 0 | 4 | |8 1\u |a 355.009438090513 |q DE-101 |2 23/BSB |
| 085 | |8 1\u |b 355.009 | ||
| 085 | |8 1\u |z 1 |s 090513 | ||
| 085 | |8 1\u |z 2 |s 438 | ||
| 085 | |8 1\u |z 2 |s 471 | ||
| 085 | |8 1\u |z 2 |s 477 | ||
| 100 | 1 | |a Wyrwał, Marcin |d 1972- |e Verfasser |4 aut |0 (DE-603)472529706 |0 (DE-588)1221763490 |2 gnd | |
| 245 | 0 | 0 | |a Psy na ruskich |b Polacy walczący z Rosją w Ukrainie |c Marcin Wyrwał. |
| 250 | |a Wydanie I. | ||
| 264 | 1 | |a Kraków |b Otwarte |c 2024 | |
| 300 | |a 327, [1] Seiten |c 21 cm | ||
| 336 | |a Text |b txt |2 rdacontent | ||
| 337 | |a ohne Hilfsmittel zu benutzen |b n |2 rdamedia | ||
| 338 | |a Band |b nc |2 rdacarrier | ||
| 650 | 7 | |a Russisch-Ukrainischer Krieg |0 (DE-588)106969780X |0 (DE-603)358075335 |2 gnd | |
| 650 | 7 | |a Polen |g Volk |0 (DE-588)4046497-0 |0 (DE-603)08512981X |2 gnd | |
| 650 | 7 | |a Söldner |0 (DE-588)4055364-4 |0 (DE-603)085154083 |2 gnd | |
| 655 | 7 | |a Erlebnisbericht |2 gnd-content |0 (DE-588)4133254-4 |0 (DE-603)085482919 | |
| 856 | 4 | 2 | |m V:DE-603;B:DE-Mb50 |q application/pdf |u http://scans.hebis.de/HEBCGI/show.pl?52286831_toc.pdf |3 Inhaltsverzeichnis |
| 856 | 4 | 2 | |m V:DE-603;B:DE-Mb50 |q application/pdf |u http://scans.hebis.de/HEBCGI/show.pl?52286831_cov.pdf |3 Cover |
| 856 | 4 | 2 | |m V:DE-603;B:DE-Mb50 |q application/pdf |u http://scans.hebis.de/HEBCGI/show.pl?52286831_sum.pdf |3 Abstract |
| 924 | 0 | |9 Mb 50 |a (DE-603)1279115033 |b DE-Mb50 |c HES |d c |g 24.07076 | |
| 924 | 0 | |9 2080 |a (DE-603)1322372373 |b DE-2080 |c HES |d d |g / | |


